[Event "Open A"]
[Site "St Laurent"]
[Date "2014.08.07"]
[Round "5.3"]
[White "Shirazi, Kamran"]
[Black "Thejkumar, M. S."]
[Result "1-0"]
[LiveChessVersion "1.4.4"]
[BlackElo "2439"]
[WhiteElo "2350"]

1. e4 {[%clk 1:30:54]} Nf6 {[%clk 1:30:35]} 2. e5 {[%clk 1:27:20]} Nd5
{[%clk 1:30:57]} 3. c4 {[%clk 1:21:05]} Nb6 {[%clk 1:31:11]} 4. Nc3
{[%clk 1:19:56]} d6 {[%clk 1:30:37]} 5. exd6 {[%clk 1:20:13]} cxd6
{[%clk 1:29:28]} 6. d4 {[%clk 1:20:12]} g6 {[%clk 1:29:25]} 7. h4
{[%clk 1:17:15]} h5 {[%clk 1:26:25]} 8. c5 {[%clk 1:11:47]} dxc5 {[%clk 1:19:15]}
9. dxc5 {[%clk 1:12:10]} N6d7 {[%clk 1:19:06]} 10. Qd4 {[%clk 1:10:08]} e5
{[%clk 0:59:03]} 11. Qc4 {[%clk 1:07:00]} Bxc5 {[%clk 0:51:04]} 12. Bg5
{[%clk 1:06:59]} Qa5 {[%clk 0:46:06]} 13. O-O-O {[%clk 1:06:48]} O-O
{[%clk 0:46:22]} 14. Ne4 {[%clk 1:04:52]} Bd4 {[%clk 0:38:13]} 15. Nf3
{[%clk 1:02:02]} Nb6 {[%clk 0:31:50]} 16. Qb5 {[%clk 1:02:03]} Qxb5
{[%clk 0:28:12]} 17. Bxb5 {[%clk 1:02:11]} a6 {[%clk 0:22:07]} 18. Nxd4
{[%clk 0:58:18]} axb5 {[%clk 0:18:38]} 19. Nxb5 {[%clk 0:57:27]} Be6
{[%clk 0:17:07]} 20. a3 {[%clk 0:50:50]} Nc6 {[%clk 0:16:02]} 21. Nc7
{[%clk 0:45:02]} Rac8 {[%clk 0:13:57]} 22. Nxe6 {[%clk 0:45:20]} fxe6
{[%clk 0:14:04]} 23. Rd6 {[%clk 0:43:23]} Nd4+ {[%clk 0:10:04]} 24. Kb1
{[%clk 0:43:37]} Nd5 {[%clk 0:09:59]} 25. Rc1 {[%clk 0:34:29]} Rxc1+
{[%clk 0:10:07]} 26. Kxc1 {[%clk 0:34:54]} Rc8+ {[%clk 0:06:57]} 27. Kb1
{[%clk 0:35:13]} Rc7 {[%clk 0:06:42]} 28. Rd8+ {[%clk 0:35:09]} Kg7
{[%clk 0:06:39]} 29. Nd6 {[%clk 0:35:22]} Kh7 {[%clk 0:05:13]} 30. Ne8
{[%clk 0:35:12]} Rf7 {[%clk 0:04:49]} 31. f3 {[%clk 0:33:55]} Nc6
{[%clk 0:02:47]} 32. Rc8 {[%clk 0:32:13]} Nd4 {[%clk 0:02:05]} 33. Nd6
{[%clk 0:32:10]} Rd7 {[%clk 0:02:10]} 34. Ne4 {[%clk 0:31:45]} Kg7
{[%clk 0:01:59]} 35. Nc5 {[%clk 0:30:13]} Rf7 {[%clk 0:02:14]} 36. Rd8
{[%clk 0:29:22]} b6 {[%clk 0:01:09]} 37. Nd3 {[%clk 0:27:14]} Rf5
{[%clk 0:01:15]} 38. Rd7+ {[%clk 0:25:59]} Kf8 {[%clk 0:01:38]} 39. Rb7
{[%clk 0:23:05]} Nc6 {[%clk 0:01:31]} 40. Rd7 {[%clk 0:20:48]} Nd4
{[%clk 0:01:50]} 41. Ka2 {[%clk 0:19:44]} b5 {[%clk 0:01:28]} 42. Rb7
{[%clk 0:18:16]} Nf4 {[%clk 0:00:49]} 43. Nxe5 {[%clk 0:17:24]} Rxe5
{[%clk 0:00:39]} 44. Bxf4 {[%clk 0:17:47]} Re2 {[%clk 0:01:04]} 45. g4
{[%clk 0:12:07]} hxg4 {[%clk 0:00:59]} 46. Bd6+ {[%clk 0:10:50]} Ke8
{[%clk 0:01:07]} 47. fxg4 {[%clk 0:11:08]} Rg2 {[%clk 0:00:49]} 48. h5
{[%clk 0:11:16]} gxh5 {[%clk 0:01:08]} 49. gxh5 {[%clk 0:11:43]} Nf5
{[%clk 0:01:27]} 50. Bf4 {[%clk 0:10:29]} Rg4 {[%clk 0:01:12]} 51. h6
{[%clk 0:10:39]} 1-0

[Event "Open A"]
[Site "St Laurent"]
[Date "2014.08.07"]
[Round "5.4"]
[White "Philippe, Christophe"]
[Black "Lenaerts, Lennert"]
[Result "1/2-1/2"]
[LiveChessVersion "1.4.4"]
[BlackElo "2266"]
[WhiteElo "2380"]

1. d4 {[%clk 1:27:58]} d5 {[%clk 1:30:54]} 2. Nf3 {[%clk 1:27:30]} Nf6
{[%clk 1:31:17]} 3. e3 {[%clk 1:27:46]} Bg4 {[%clk 1:30:10]} 4. c4
{[%clk 1:27:49]} c6 {[%clk 1:30:36]} 5. Qb3 {[%clk 1:25:37]} Qb6 {[%clk 1:30:40]}
6. Ne5 {[%clk 1:23:31]} Bf5 {[%clk 1:29:16]} 7. Nc3 {[%clk 1:23:54]} e6
{[%clk 1:28:50]} 8. Be2 {[%clk 1:23:39]} Nbd7 {[%clk 1:27:48]} 9. Nxd7
{[%clk 1:16:26]} Nxd7 {[%clk 1:27:03]} 10. c5 {[%clk 1:16:30]} Qc7
{[%clk 1:21:16]} 11. O-O {[%clk 1:15:03]} e5 {[%clk 1:17:29]} 12. Bd2
{[%clk 1:14:31]} Be7 {[%clk 1:09:33]} 13. Qd1 {[%clk 1:03:28]} O-O
{[%clk 1:03:53]} 14. b4 {[%clk 1:01:26]} Bf6 {[%clk 1:03:32]} 15. dxe5
{[%clk 0:59:09]} Nxe5 {[%clk 1:02:38]} 16. f4 {[%clk 0:52:48]} Nc4
{[%clk 1:01:38]} 17. Bxc4 {[%clk 0:51:18]} dxc4 {[%clk 1:02:01]} 18. e4
{[%clk 0:51:18]} Bd4+ {[%clk 1:00:18]} 19. Kh1 {[%clk 0:51:42]} Rad8
{[%clk 1:00:41]} 20. Qc2 {[%clk 0:50:05]} Bc8 {[%clk 1:00:32]} 21. Rae1
{[%clk 0:49:44]} b6 {[%clk 0:59:55]} 22. Be3 {[%clk 0:45:36]} bxc5
{[%clk 0:58:28]} 23. bxc5 {[%clk 0:46:04]} Qa5 {[%clk 0:58:51]} 24. Bxd4
{[%clk 0:39:20]} Rxd4 {[%clk 0:59:18]} 25. e5 {[%clk 0:31:58]} Qxc5
{[%clk 0:59:03]} 26. Ne4 {[%clk 0:31:26]} Qd5 {[%clk 0:57:53]} 27. Ng5
{[%clk 0:28:06]} Rd3 {[%clk 0:52:57]} 28. Rc1 {[%clk 0:24:29]} h6
{[%clk 0:26:41]} 29. Nf3 {[%clk 0:24:51]} Ba6 {[%clk 0:27:07]} 30. h3
{[%clk 0:22:35]} c3 {[%clk 0:26:56]} 31. Rfd1 {[%clk 0:21:06]} Rxd1+
{[%clk 0:25:32]} 1/2-1/2

[Event "Open A"]
[Site "St Laurent"]
[Date "2014.08.07"]
[Round "6.1"]
[White "Karpatchev, Aleksandr"]
[Black "Shirazi, Kamran"]
[Result "1-0"]
[LiveChessVersion "1.4.4"]
[BlackElo "2350"]
[WhiteElo "2462"]

1. e4 {[%clk 1:30:57]} c5 {[%clk 1:28:02]} 2. c3 {[%clk 1:31:17]} Nf6
{[%clk 1:24:14]} 3. e5 {[%clk 1:30:09]} Nd5 {[%clk 1:24:40]} 4. Nf3
{[%clk 1:30:18]} Nc6 {[%clk 1:24:21]} 5. Bc4 {[%clk 1:30:05]} Nb6
{[%clk 1:24:02]} 6. Bb3 {[%clk 1:30:27]} c4 {[%clk 1:23:56]} 7. Bc2
{[%clk 1:30:51]} d6 {[%clk 1:24:20]} 8. exd6 {[%clk 1:31:13]} Qxd6
{[%clk 1:23:04]} 9. O-O {[%clk 1:31:34]} Bg4 {[%clk 1:23:17]} 10. Re1
{[%clk 1:31:16]} e6 {[%clk 1:21:26]} 11. b3 {[%clk 1:29:44]} Be7 {[%clk 1:18:48]}
12. Na3 {[%clk 1:27:51]} cxb3 {[%clk 1:00:55]} 13. axb3 {[%clk 1:27:45]} a6
{[%clk 0:58:18]} 14. Nc4 {[%clk 1:05:51]} Nxc4 {[%clk 0:56:21]} 15. bxc4
{[%clk 1:06:06]} O-O {[%clk 0:54:32]} 16. d4 {[%clk 1:03:45]} Qc7
{[%clk 0:44:27]} 17. h3 {[%clk 0:45:07]} Bh5 {[%clk 0:44:20]} 18. Qd3
{[%clk 0:44:06]} Bg6 {[%clk 0:44:33]} 19. Qe2 {[%clk 0:44:30]} Bxc2
{[%clk 0:43:23]} 20. Qxc2 {[%clk 0:44:58]} b5 {[%clk 0:40:14]} 21. d5
{[%clk 0:39:35]} Nd8 {[%clk 0:32:38]} 22. cxb5 {[%clk 0:39:06]} exd5
{[%clk 0:32:37]} 23. Rxe7 {[%clk 0:25:17]} Qxe7 {[%clk 0:33:02]} 24. Ba3
{[%clk 0:25:42]} Qe4 {[%clk 0:09:46]} 25. Qxe4 {[%clk 0:25:09]} dxe4
{[%clk 0:10:14]} 26. Bxf8 {[%clk 0:25:29]} Kxf8 {[%clk 0:10:40]} 27. Ng5
{[%clk 0:23:34]} a5 {[%clk 0:06:26]} 28. Nxe4 {[%clk 0:23:33]} Nb7
{[%clk 0:06:54]} 29. c4 {[%clk 0:20:56]} f5 {[%clk 0:05:58]} 30. Nd2
{[%clk 0:15:55]} Nc5 {[%clk 0:05:48]} 31. Kf1 {[%clk 0:14:54]} Ke7
{[%clk 0:05:35]} 32. Nb1 {[%clk 0:14:51]} Rd8 {[%clk 0:05:09]} 33. Nc3
{[%clk 0:13:20]} Rd4 {[%clk 0:04:43]} 34. Nd5+ {[%clk 0:12:59]} Kf7
{[%clk 0:04:29]} 35. Rxa5 {[%clk 0:10:57]} Rxc4 {[%clk 0:04:43]} 36. b6
{[%clk 0:10:46]} Ke6 {[%clk 0:04:26]} 37. Rb5 {[%clk 0:10:15]} Nb7
{[%clk 0:02:50]} 38. Nc7+ {[%clk 0:10:12]} Kf6 {[%clk 0:02:54]} 39. g3
{[%clk 0:09:08]} g6 {[%clk 0:03:17]} 40. h4 {[%clk 0:09:26]} Ke7 {[%clk 0:03:28]}
41. Rb2 {[%clk 0:09:10]} Kd7 {[%clk 0:03:10]} 42. Kg2 {[%clk 0:08:14]} Kc6
{[%clk 0:02:39]} 43. Ne6 {[%clk 0:05:57]} Re4 {[%clk 0:02:23]} 44. Nf4
{[%clk 0:05:34]} Nd6 {[%clk 0:02:10]} 45. Kf3 {[%clk 0:03:46]} Re8
{[%clk 0:01:34]} 46. Rc2+ {[%clk 0:03:13]} Kxb6 {[%clk 0:01:46]} 47. Nd5+
{[%clk 0:03:42]} Ka5 {[%clk 0:01:52]} 48. Ra2+ {[%clk 0:03:54]} Kb5
{[%clk 0:01:49]} 49. Nc7+ {[%clk 0:04:23]} Kc6 {[%clk 0:01:19]} 50. Nxe8
{[%clk 0:04:52]} Nxe8 {[%clk 0:01:39]} 51. Kf4 {[%clk 0:05:08]} Kd6
{[%clk 0:01:41]} 52. Kg5 {[%clk 0:05:23]} Ke6 {[%clk 0:02:01]} 53. Ra7
{[%clk 0:04:57]} f4 {[%clk 0:02:13]} 54. Kxf4 {[%clk 0:04:56]} h6
{[%clk 0:02:33]} 55. Ra6+ {[%clk 0:05:16]} Nd6 {[%clk 0:02:32]} 56. h5
{[%clk 0:04:49]} gxh5 {[%clk 0:02:14]} 57. Ra5 {[%clk 0:04:58]} h4
{[%clk 0:02:28]} 58. gxh4 {[%clk 0:05:21]} Kf7 {[%clk 0:02:53]} 59. Ra7+
{[%clk 0:05:37]} Ke6 {[%clk 0:02:48]} 60. Ra6 {[%clk 0:05:46]} Ke7
{[%clk 0:03:13]} 61. Rxd6 {[%clk 0:05:56]} 1-0

[Event "Open A"]
[Site "St Laurent"]
[Date "2014.08.07"]
[Round "6.2"]
[White "Shchekachev, Andrei"]
[Black "Philippe, Christophe"]
[Result "1-0"]
[LiveChessVersion "1.4.4"]
[BlackElo "2380"]
[WhiteElo "2550"]

1. Nf3 {[%clk 1:30:45]} Nc6 {[%clk 1:30:58]} 2. d4 {[%clk 1:29:59]} d5
{[%clk 1:31:26]} 3. c4 {[%clk 1:29:57]} Bg4 {[%clk 1:31:43]} 4. Nc3
{[%clk 1:26:02]} e6 {[%clk 1:31:32]} 5. Bf4 {[%clk 1:25:39]} Bd6 {[%clk 1:30:39]}
6. Bg3 {[%clk 1:23:02]} Nge7 {[%clk 1:28:49]} 7. e3 {[%clk 1:19:12]} O-O
{[%clk 1:27:01]} 8. a3 {[%clk 1:10:16]} dxc4 {[%clk 1:20:16]} 9. Bxc4
{[%clk 1:09:35]} e5 {[%clk 1:20:23]} 10. dxe5 {[%clk 1:01:55]} Nxe5
{[%clk 1:20:34]} 11. Be2 {[%clk 0:59:04]} Nxf3+ {[%clk 1:14:31]} 12. gxf3
{[%clk 0:55:37]} Bh3 {[%clk 1:12:38]} 13. Bxd6 {[%clk 0:51:18]} cxd6
{[%clk 1:12:17]} 14. Rg1 {[%clk 0:46:13]} Qb6 {[%clk 1:08:00]} 15. Qd2
{[%clk 0:44:05]} Qb3 {[%clk 1:00:36]} 16. f4 {[%clk 0:34:24]} d5 {[%clk 0:58:04]}
17. Bd1 {[%clk 0:24:57]} Qb6 {[%clk 0:56:25]} 18. Bc2 {[%clk 0:21:05]} d4
{[%clk 0:54:37]} 19. exd4 {[%clk 0:18:41]} Bf5 {[%clk 0:51:33]} 20. O-O-O
{[%clk 0:18:19]} Rac8 {[%clk 0:49:16]} 21. d5 {[%clk 0:14:55]} Qd6
{[%clk 0:48:17]} 22. Qd4 {[%clk 0:12:22]} f6 {[%clk 0:47:38]} 23. Qxa7
{[%clk 0:11:31]} Rc5 {[%clk 0:35:12]} 24. Bxf5 {[%clk 0:10:28]} Nxf5
{[%clk 0:33:47]} 25. Kb1 {[%clk 0:09:12]} Rxc3 {[%clk 0:32:28]} 26. bxc3
{[%clk 0:09:32]} Qxf4 {[%clk 0:32:48]} 27. d6 {[%clk 0:04:52]} Qe4+
{[%clk 0:25:24]} 28. Ka1 {[%clk 0:03:59]} Qe5 {[%clk 0:25:28]} 29. Qb6
{[%clk 0:03:18]} Qxc3+ {[%clk 0:22:24]} 30. Qb2 {[%clk 0:03:18]} Qa5
{[%clk 0:20:27]} 31. Qb3+ {[%clk 0:03:14]} Kh8 {[%clk 0:20:54]} 32. Rd5
{[%clk 0:03:18]} Qd8 {[%clk 0:20:04]} 33. Rxf5 {[%clk 0:03:21]} Qxd6
{[%clk 0:20:32]} 34. Qb4 {[%clk 0:03:13]} Qd8 {[%clk 0:18:24]} 35. Rd5
{[%clk 0:02:55]} Qc8 {[%clk 0:18:54]} 36. Qc5 {[%clk 0:02:10]} Qe8
{[%clk 0:18:15]} 37. Rgd1 {[%clk 0:02:18]} b6 {[%clk 0:18:16]} 38. Qxf8+
{[%clk 0:02:26]} 1-0

[Event "Open A"]
[Site "St Laurent"]
[Date "2014.08.07"]
[Round "6.3"]
[White "Lenaerts, Lennert"]
[Black "Lerch, Patrice"]
[Result "1/2-1/2"]
[LiveChessVersion "1.4.4"]
[BlackElo "2374"]
[WhiteElo "2266"]

1. d4 {[%clk 1:30:57]} Nf6 {[%clk 1:30:46]} 2. c4 {[%clk 1:31:23]} e6
{[%clk 1:31:08]} 3. Nc3 {[%clk 1:31:48]} Bb4 {[%clk 1:31:31]} 4. Qc2
{[%clk 1:32:15]} c5 {[%clk 1:31:55]} 5. dxc5 {[%clk 1:32:41]} O-O
{[%clk 1:32:17]} 6. a3 {[%clk 1:33:05]} Bxc5 {[%clk 1:32:43]} 7. Nf3
{[%clk 1:33:31]} b6 {[%clk 1:33:08]} 8. Bf4 {[%clk 1:33:55]} Bb7 {[%clk 1:32:23]}
9. Rd1 {[%clk 1:34:19]} Nh5 {[%clk 1:31:08]} 10. Bc1 {[%clk 1:32:46]} Nf6
{[%clk 1:30:13]} 11. Bf4 {[%clk 1:32:47]} Nh5 {[%clk 1:29:45]} 12. Bc1
{[%clk 1:33:10]} Nf6 {[%clk 1:30:10]} 13. Bf4 {[%clk 1:28:24]} 1/2-1/2

[Event "Open A"]
[Site "St Laurent"]
[Date "2014.08.07"]
[Round "6.4"]
[White "Nester, Ihor"]
[Black "Chernov, Vadim"]
[Result "0-1"]
[LiveChessVersion "1.4.4"]
[BlackElo "2438"]
[WhiteElo "2247"]

1. Nf3 {[%clk 1:30:57]} Nf6 {[%clk 1:30:55]} 2. c4 {[%clk 1:31:23]} Nc6
{[%clk 1:31:22]} 3. d4 {[%clk 1:31:42]} e6 {[%clk 1:31:48]} 4. a3
{[%clk 1:31:35]} d6 {[%clk 1:32:14]} 5. Nc3 {[%clk 1:31:51]} g6 {[%clk 1:32:41]}
6. g3 {[%clk 1:32:11]} Bg7 {[%clk 1:33:08]} 7. Bg2 {[%clk 1:32:37]} O-O
{[%clk 1:33:35]} 8. O-O {[%clk 1:32:58]} Re8 {[%clk 1:34:03]} 9. h3
{[%clk 1:18:21]} Na5 {[%clk 1:34:23]} 10. b3 {[%clk 1:13:23]} d5 {[%clk 1:33:46]}
11. cxd5 {[%clk 1:10:34]} exd5 {[%clk 1:32:07]} 12. Bf4 {[%clk 1:10:46]} Bf5
{[%clk 1:26:56]} 13. Ne5 {[%clk 1:03:59]} Ne4 {[%clk 1:15:25]} 14. Nxe4
{[%clk 0:52:54]} Bxe4 {[%clk 1:15:31]} 15. f3 {[%clk 0:39:53]} Bf5
{[%clk 1:14:45]} 16. Rc1 {[%clk 0:35:38]} c6 {[%clk 1:09:04]} 17. g4
{[%clk 0:30:46]} Be6 {[%clk 1:06:31]} 18. Bg3 {[%clk 0:30:50]} f6
{[%clk 1:04:48]} 19. Nd3 {[%clk 0:30:59]} Bf7 {[%clk 1:04:58]} 20. Re1
{[%clk 0:28:14]} Bf8 {[%clk 0:59:18]} 21. Rc3 {[%clk 0:23:45]} Bd6
{[%clk 0:45:05]} 22. Bxd6 {[%clk 0:18:55]} Qxd6 {[%clk 0:45:25]} 23. Qc1
{[%clk 0:18:53]} g5 {[%clk 0:41:16]} 24. h4 {[%clk 0:13:45]} gxh4
{[%clk 0:38:04]} 25. Qf4 {[%clk 0:14:04]} Qxf4 {[%clk 0:31:19]} 26. Nxf4
{[%clk 0:14:33]} c5 {[%clk 0:30:54]} 27. dxc5 {[%clk 0:07:53]} d4
{[%clk 0:30:51]} 28. Rd3 {[%clk 0:08:22]} Nxb3 {[%clk 0:30:48]} 29. Nh5
{[%clk 0:07:19]} Re3 {[%clk 0:22:38]} 30. Nxf6+ {[%clk 0:07:04]} Kg7
{[%clk 0:22:59]} 31. Rxe3 {[%clk 0:04:33]} dxe3 {[%clk 0:23:24]} 32. Ne4
{[%clk 0:05:00]} Bg6 {[%clk 0:21:06]} 33. Rb1 {[%clk 0:04:43]} Nxc5
{[%clk 0:21:15]} 34. Rc1 {[%clk 0:04:55]} Ne6 {[%clk 0:15:28]} 35. Rc3
{[%clk 0:03:48]} Bxe4 {[%clk 0:15:44]} 36. fxe4 {[%clk 0:04:00]} Rd8
{[%clk 0:12:31]} 37. Rxe3 {[%clk 0:04:01]} Rd4 {[%clk 0:12:13]} 38. Rc3
{[%clk 0:03:20]} b5 {[%clk 0:10:43]} 39. Rc6 {[%clk 0:03:17]} Kf6
{[%clk 0:09:41]} 40. Ra6 {[%clk 0:02:36]} Ra4 {[%clk 0:09:20]} 41. Rxa4
{[%clk 0:01:49]} bxa4 {[%clk 0:09:46]} 42. Kh2 {[%clk 0:02:05]} Ke5
{[%clk 0:09:55]} 43. e3 {[%clk 0:02:20]} Ng5 {[%clk 0:09:27]} 44. Bf1
{[%clk 0:02:42]} Kxe4 {[%clk 0:09:32]} 45. Bb5 {[%clk 0:03:07]} Kxe3
{[%clk 0:08:23]} 46. Bxa4 {[%clk 0:03:32]} Kf4 {[%clk 0:08:31]} 47. Bd7
{[%clk 0:03:45]} Nf3+ {[%clk 0:08:18]} 48. Kh3 {[%clk 0:03:56]} Kg5
{[%clk 0:08:09]} 49. a4 {[%clk 0:03:39]} a5 {[%clk 0:08:21]} 50. Bc8
{[%clk 0:03:17]} Ne5 {[%clk 0:05:44]} 51. Be6 {[%clk 0:03:41]} Nd3
{[%clk 0:04:43]} 52. Bf5 {[%clk 0:03:37]} Nf4+ {[%clk 0:04:53]} 53. Kh2
{[%clk 0:03:56]} h5 {[%clk 0:05:06]} 54. gxh5 {[%clk 0:04:11]} Kxf5
{[%clk 0:05:25]} 55. h6 {[%clk 0:04:38]} Kg6 {[%clk 0:05:47]} 0-1

[Event "Open A"]
[Site "St Laurent"]
[Date "2014.08.07"]
[Round "7.1"]
[White "Shchekachev, Andrei"]
[Black "Karpatchev, Aleksandr"]
[Result "1/2-1/2"]
[LiveChessVersion "1.4.4"]
[BlackElo "2462"]
[WhiteElo "2550"]

1. d4 {[%clk 1:30:53]} d5 {[%clk 1:30:25]} 2. c4 {[%clk 1:30:58]} dxc4
{[%clk 1:30:28]} 3. e3 {[%clk 1:30:46]} Nf6 {[%clk 1:30:47]} 4. Bxc4
{[%clk 1:30:13]} e6 {[%clk 1:31:06]} 5. Nf3 {[%clk 1:28:02]} a6 {[%clk 1:26:54]}
6. a4 {[%clk 1:26:41]} c5 {[%clk 1:20:02]} 7. O-O {[%clk 1:26:32]} Nc6
{[%clk 1:20:28]} 8. Qe2 {[%clk 1:25:17]} Qc7 {[%clk 1:19:29]} 9. Nc3
{[%clk 1:24:11]} Be7 {[%clk 1:18:38]} 10. b3 {[%clk 1:20:13]} O-O
{[%clk 1:14:56]} 11. Bb2 {[%clk 1:18:32]} b6 {[%clk 1:05:14]} 12. Rad1
{[%clk 1:11:02]} Bb7 {[%clk 1:00:36]} 13. d5 {[%clk 1:07:33]} exd5
{[%clk 0:58:44]} 14. Nxd5 {[%clk 1:05:10]} Nxd5 {[%clk 0:58:25]} 15. Bxd5
{[%clk 1:05:08]} Rad8 {[%clk 0:43:23]} 16. e4 {[%clk 1:02:46]} Nb4
{[%clk 0:40:09]} 17. Bxb7 {[%clk 1:02:59]} Qxb7 {[%clk 0:40:35]} 18. h3
{[%clk 1:03:17]} 1/2-1/2

[Event "Open A"]
[Site "St Laurent"]
[Date "2014.08.07"]
[Round "7.2"]
[White "Bauer, Christian"]
[Black "Lenaerts, Lennert"]
[Result "1-0"]
[LiveChessVersion "1.4.4"]
[BlackElo "2266"]
[WhiteElo "2658"]

1. b3 {[%clk 1:26:59]} e5 {[%clk 1:30:52]} 2. Bb2 {[%clk 1:27:28]} Nc6
{[%clk 1:31:16]} 3. e3 {[%clk 1:27:57]} Nf6 {[%clk 1:31:38]} 4. c4
{[%clk 1:28:17]} d5 {[%clk 1:29:07]} 5. cxd5 {[%clk 1:28:46]} Nxd5
{[%clk 1:29:24]} 6. a3 {[%clk 1:29:13]} f6 {[%clk 1:26:19]} 7. Qc2
{[%clk 1:29:11]} Be7 {[%clk 1:21:48]} 8. Nf3 {[%clk 1:23:10]} Be6
{[%clk 1:19:02]} 9. Bb5 {[%clk 1:21:48]} O-O {[%clk 1:18:00]} 10. Bxc6
{[%clk 1:19:11]} bxc6 {[%clk 1:18:28]} 11. d4 {[%clk 1:18:58]} Bg4
{[%clk 1:18:42]} 12. Nbd2 {[%clk 1:14:17]} Bd6 {[%clk 1:17:52]} 13. Qxc6
{[%clk 1:11:07]} Nb6 {[%clk 1:18:11]} 14. O-O {[%clk 1:05:24]} Be6
{[%clk 1:18:05]} 15. dxe5 {[%clk 0:59:45]} fxe5 {[%clk 1:16:50]} 16. Bxe5
{[%clk 0:58:03]} Bd5 {[%clk 1:15:33]} 17. Qc3 {[%clk 0:57:01]} Bxe5
{[%clk 1:15:52]} 18. Qxe5 {[%clk 0:55:33]} Qd7 {[%clk 1:16:18]} 19. Rac1
{[%clk 0:51:59]} Rf7 {[%clk 1:16:43]} 20. Qg3 {[%clk 0:49:21]} Qe7
{[%clk 1:14:19]} 21. e4 {[%clk 0:45:19]} Bb7 {[%clk 1:14:45]} 22. Ng5
{[%clk 0:45:21]} 1-0

[Event "Open A"]
[Site "St Laurent"]
[Date "2014.08.07"]
[Round "7.3"]
[White "Chernov, Vadim"]
[Black "Shirazi, Kamran"]
[Result "1/2-1/2"]
[LiveChessVersion "1.4.4"]
[BlackElo "2350"]
[WhiteElo "2438"]

1. e4 {[%clk 1:29:55]} d6 {[%clk 1:26:52]} 2. d4 {[%clk 1:30:11]} g6
{[%clk 1:27:14]} 3. Nc3 {[%clk 1:30:37]} Bg7 {[%clk 1:27:39]} 4. f4
{[%clk 1:31:04]} Nd7 {[%clk 1:25:22]} 5. Nf3 {[%clk 1:29:37]} c6 {[%clk 1:25:18]}
6. Be3 {[%clk 1:27:03]} e5 {[%clk 1:23:22]} 7. Bc4 {[%clk 1:20:03]} Qe7
{[%clk 1:03:19]} 8. dxe5 {[%clk 1:11:33]} dxe5 {[%clk 1:03:46]} 9. Qd2
{[%clk 1:02:55]} Ngf6 {[%clk 0:51:25]} 10. fxe5 {[%clk 1:01:11]} Nxe5
{[%clk 0:45:51]} 11. Nxe5 {[%clk 1:01:12]} Qxe5 {[%clk 0:46:19]} 12. Bd4
{[%clk 0:51:49]} Qe7 {[%clk 0:45:03]} 13. O-O {[%clk 0:37:59]} O-O
{[%clk 0:45:10]} 14. e5 {[%clk 0:29:22]} Ng4 {[%clk 0:44:16]} 15. e6
{[%clk 0:24:10]} Bxe6 {[%clk 0:42:30]} 16. Bxg7 {[%clk 0:22:44]} Kxg7
{[%clk 0:41:42]} 17. Qd4+ {[%clk 0:21:27]} f6 {[%clk 0:41:47]} 18. Bxe6
{[%clk 0:16:12]} Qxe6 {[%clk 0:42:08]} 19. Rae1 {[%clk 0:16:36]} Ne5
{[%clk 0:41:43]} 20. Ne4 {[%clk 0:16:40]} Rae8 {[%clk 0:24:08]} 21. Qxa7
{[%clk 0:16:38]} f5 {[%clk 0:19:24]} 22. Ng5 {[%clk 0:15:17]} Qf6
{[%clk 0:16:02]} 23. Ne4 {[%clk 0:13:54]} Qh4 {[%clk 0:15:05]} 24. Nd2
{[%clk 0:10:44]} Qb4 {[%clk 0:14:44]} 25. c3 {[%clk 0:10:27]} Qxb2
{[%clk 0:14:08]} 26. Qd4 {[%clk 0:08:53]} c5 {[%clk 0:14:06]} 27. Qxc5
{[%clk 0:08:44]} Nc6 {[%clk 0:10:05]} 28. Rb1 {[%clk 0:07:29]} Qxd2
{[%clk 0:09:47]} 29. Rxb7+ {[%clk 0:07:57]} Kh6 {[%clk 0:02:28]} 30. Qxc6
{[%clk 0:07:53]} Re1 {[%clk 0:01:19]} 31. Qf3 {[%clk 0:03:10]} Rxf1+
{[%clk 0:01:04]} 32. Kxf1 {[%clk 0:02:37]} Qc1+ {[%clk 0:00:53]} 33. Kf2
{[%clk 0:02:56]} Qd2+ {[%clk 0:01:14]} 34. Kf1 {[%clk 0:01:19]} Qc1+
{[%clk 0:01:41]} 35. Kf2 {[%clk 0:01:42]} Qd2+ {[%clk 0:01:54]} 36. Kf1 Re8 37.
Rb6 Qe3 1/2-1/2

[Event "Open A"]
[Site "St Laurent"]
[Date "2014.08.07"]
[Round "7.4"]
[White "Lerch, Patrice"]
[Black "Doluhanova, Evgeniya"]
[Result "1-0"]
[LiveChessVersion "1.4.4"]
[BlackElo "2320"]
[WhiteElo "2374"]

1. e4 {[%clk 1:30:45]} c5 {[%clk 1:26:24]} 2. Nc3 {[%clk 1:31:05]} a6
{[%clk 1:26:10]} 3. g3 {[%clk 1:31:22]} b5 {[%clk 1:26:36]} 4. Bg2
{[%clk 1:31:45]} Bb7 {[%clk 1:27:01]} 5. Nh3 {[%clk 1:32:08]} e6 {[%clk 1:25:12]}
6. O-O {[%clk 1:28:57]} d6 {[%clk 1:19:00]} 7. d3 {[%clk 1:24:02]} Qc7
{[%clk 1:17:16]} 8. f4 {[%clk 1:23:03]} Nd7 {[%clk 1:14:15]} 9. f5
{[%clk 1:10:14]} e5 {[%clk 1:00:07]} 10. Nd5 {[%clk 1:09:34]} Bxd5
{[%clk 0:56:47]} 11. exd5 {[%clk 1:09:58]} Be7 {[%clk 0:57:08]} 12. Qg4
{[%clk 1:04:52]} Bf6 {[%clk 0:56:11]} 13. Be3 {[%clk 1:03:49]} Ne7
{[%clk 0:55:26]} 14. c4 {[%clk 1:03:03]} Rb8 {[%clk 0:53:37]} 15. Rf2
{[%clk 0:59:25]} Qa5 {[%clk 0:48:25]} 16. Be4 {[%clk 0:47:41]} Qc7
{[%clk 0:41:11]} 17. Raf1 {[%clk 0:45:01]} Nb6 {[%clk 0:40:36]} 18. b3
{[%clk 0:42:52]} a5 {[%clk 0:36:22]} 19. Bd2 {[%clk 0:39:21]} a4 {[%clk 0:31:31]}
20. Qh5 {[%clk 0:36:34]} bxc4 {[%clk 0:14:35]} 21. dxc4 {[%clk 0:33:24]} axb3
{[%clk 0:15:00]} 22. axb3 {[%clk 0:33:48]} Nd7 {[%clk 0:15:24]} 23. g4
{[%clk 0:29:46]} Rxb3 {[%clk 0:08:36]} 24. g5 {[%clk 0:25:50]} Nc8
{[%clk 0:06:24]} 25. Bc2 {[%clk 0:25:20]} Ra3 {[%clk 0:03:45]} 26. gxf6
{[%clk 0:25:27]} Nxf6 {[%clk 0:04:05]} 27. Qh4 {[%clk 0:25:41]} Nb6
{[%clk 0:03:17]} 28. Rg2 {[%clk 0:25:24]} Nxc4 {[%clk 0:02:25]} 29. Qxc4
{[%clk 0:25:38]} Rxh3 {[%clk 0:02:52]} 30. Ra1 {[%clk 0:23:40]} Ke7
{[%clk 0:00:49]} 31. Rxg7 {[%clk 0:22:39]} Rb8 {[%clk 0:01:02]} 32. Kg2
{[%clk 0:20:43]} Rh5 {[%clk 0:00:44]} 33. Rg5 {[%clk 0:19:37]} Rxg5+
{[%clk 0:00:36]} 34. Bxg5 {[%clk 0:20:02]} Rb4 {[%clk 0:00:49]} 35. Bxf6+
{[%clk 0:17:07]} Kxf6 {[%clk 0:01:15]} 36. Qa6 {[%clk 0:17:24]} Qb8
{[%clk 0:00:45]} 37. Kh1 {[%clk 0:17:08]} Rb2 {[%clk 0:00:34]} 38. Qa4
{[%clk 0:10:35]} Rb4 {[%clk 0:00:38]} 39. Qa3 {[%clk 0:09:59]} Qb7
{[%clk 0:00:51]} 40. Qf3 {[%clk 0:09:21]} Rf4 {[%clk 0:00:59]} 41. Qg2
{[%clk 0:09:34]} h5 {[%clk 0:00:37]} 42. h3 {[%clk 0:09:30]} Qb2 {[%clk 0:00:32]}
43. Rg1 {[%clk 0:09:42]} Ke7 {[%clk 0:00:58]} 44. Qg5+ {[%clk 0:09:13]} Kd7
{[%clk 0:01:20]} 45. Qf6 {[%clk 0:09:14]} 1-0